[Event "CPX.CA1.26"]
[Site "http://www.queenalice.com/game.php?id=792575"]
[Date "2010.6.20"]
[Round "-"]
[White "raszytko"]
[Black "aclj"]
[Result "1-0"]
[WhiteElo "2407"]
[BlackElo "1112"]

1. e4 e6 2. d4 Nf6 3. e5 Nd5 4. c4 Ne7 5. Bd3 Nf5 6. Nf3 Bb4+ 7. Nc3 h6 8. O-O
O-O 9. Bd2 a5 10. a3 Be7 11. Qe2 g5 12. g4 Nh4 13. Nxh4 Nc6 14. Qe4 f5 15. exf6
Bxf6 16. Qh7# 1-0

[Event "CPX.CA1.28"]
[Site "http://www.queenalice.com/game.php?id=792757"]
[Date "2010.6.20"]
[Round "-"]
[White "aclj"]
[Black "aribeiro2"]
[Result "1-0"]
[WhiteElo "1086"]
[BlackElo "1348"]

1. e3 e5 2. Nf3 Nc6 3. Bd3 d5 4. O-O e4 5. Nd4 exd3 6. cxd3 Nf6 7. h3 g5 8. a4
Nb4 9. Qb3 c5 10. Nb5 Bf5 11. d4 c4 12. Qc3 Ne4 13. Qa3 Nc2 14. Qa2 Nxa1 15.
Qxa1 a6 16. N5c3 b5 17. a5 b4 18. Qa4+ Qd7 19. Qxd7+ Kxd7 20. Nxd5 Kd6 21. Nb6
Bh6 22. Nxc4+ Ke7 23. d3 Nd6 24. Ne5 f6 25. Nc6+ Kd7 26. Nxb4 Rhb8 27. g4 Be6
28. Nc2 f5 29. f3 Rb3 30. Rd1 Bd5 31. e4 Be6 32. e5 Nb5 33. Nba3 Bd5 34. Kg2 Bf8
35. Ne3 Nxd4 36. Nxd5 Ke6 37. Nc7+ Kxe5 38. Nxa8 1-0

[Event "CPX.CA1.30"]
[Site "http://www.queenalice.com/game.php?id=792759"]
[Date "2010.6.20"]
[Round "-"]
[White "aclj"]
[Black "RubensFigueiredo"]
[Result "0-1"]
[WhiteElo "1110"]
[BlackElo "1571"]

1. e3 d5 2. Nf3 Nf6 3. Bd3 Nc6 4. h3 g6 5. O-O Bf5 6. Nc3 Bxd3 7. cxd3 e6 8. a3
Bd6 9. a4 a5 10. b3 Nh5 11. d4 O-O 12. Nb5 Be7 13. g3 Nf6 14. Ng5 Ne4 15. Qg4
Nxg5 16. h4 Ne4 17. Qf4 Nb4 18. Qxc7 Qxc7 19. Nxc7 Nc2 20. Bb2 Rac8 21. Rfc1
Nxa1 22. Bxa1 Bd6 23. d3 Rxc7 24. Rxc7 Bxc7 25. dxe4 dxe4 26. Bb2 Rc8 27. Kg2
Bd8 28. g4 Bxh4 29. Kf1 Rc2 30. Kg2 Rxb2 31. Kh3 Be7 32. Kg3 Bd6+ 33. Kg2 Rxb3
34. f4 Rxe3 35. g5 Bxf4 0-1

[Event "CPX.CO2.04"]
[Site "http://www.queenalice.com/game.php?id=897520"]
[Date "2011.2.8"]
[Round "-"]
[White "raszytko"]
[Black "aclj"]
[Result "1-0"]
[WhiteElo "2454"]
[BlackElo "1148"]

1. c4 e5 2. Nc3 Nf6 3. Nf3 Bd6 4. e3 h6 5. d4 Ng4 6. c5 Be7 7. dxe5 Bxc5 8. h3
Nxf2 9. Kxf2 O-O 10. Qd5 Na6 11. Bxa6 c6 12. Qxc5 bxa6 13. Ne4 Qc7 14. b3 d6 15.
exd6 Qd7 16. Qd4 Bb7 17. Nc5 Qc8 18. Rd1 Rd8 19. Bb2 f6 20. d7 Qc7 21. Ne6 Rxd7
22. Qxd7 Qb8 23. Qxg7# 1-0

[Event "CPX.CO2.07"]
[Site "http://www.queenalice.com/game.php?id=898366"]
[Date "2011.2.10"]
[Round "-"]
[White "aclj"]
[Black "aribeiro2"]
[Result "1-0"]
[WhiteElo "1108"]
[BlackElo "1297"]

1. e4 e5 2. Nf3 d5 3. Nxe5 f6 4. Ng4 dxe4 5. Bc4 Nh6 6. h3 f5 7. Ne3 Qd4 8. c3
Qd6 9. Qh5+ Qg6 10. Qxg6+ hxg6 11. d4 exd3 12. Bxd3 f4 13. Nd5 Bd6 14. O-O Bf5
15. Rd1 Nd7 16. Bxf4 Bxf4 17. Nxf4 Nc5 18. b4 Na4 19. Bb5+ Bd7 20. Bxd7+ 1-0

[Event "CPX.CO2.09"]
[Site "http://www.queenalice.com/game.php?id=898367"]
[Date "2011.2.10"]
[Round "-"]
[White "aclj"]
[Black "RubensFigueiredo"]
[Result "0-1"]
[WhiteElo "1176"]
[BlackElo "1659"]

1. e4 e5 2. Nf3 Nc6 3. Bd3 Nf6 4. O-O Bc5 5. c3 d6 6. a3 a5 7. h3 O-O 8. Ng5 h6
9. Nf3 d5 10. b4 axb4 11. a4 dxe4 12. Nh2 exd3 13. Qb3 Na5 14. Qb2 bxc3 15. Qxc3
Ne4 16. Qxe5 Qe7 17. Ng4 Qxe5 18. Nxe5 Nb3 19. Bb2 Nxa1 20. Bxa1 Rxa4 21. Bb2
Rd8 22. Nc3 Nxc3 23. Bxc3 f6 24. Ng6 Bd4 25. Re1 Bxc3 26. dxc3 d2 27. Rd1 Kh7
28. Nf4 Rxf4 29. Kf1 Re4 30. f3 Re3 31. Kf2 Rxc3 32. Ke2 Rc1 33. Rxd2 Rxd2+ 34.
Kxd2 Ra1 35. Ke2 b6 36. Kd3 Bf5+ 37. Kd4 Rc1 38. g4 Be6 39. Ke4 g6 40. f4 f5+
41. gxf5 Bxf5+ 42. Ke5 Bxh3 43. Kf6 g5 44. f5 g4 45. Kf7 g3 46. f6 g2 47. Ke7
g1=Q 48. f7 Qg5+ 49. Ke8 Re1+ 50. Kf8 Qg7# 0-1

[Event "CPX.CO2.08"]
[Site "http://www.queenalice.com/game.php?id=898368"]
[Date "2011.2.10"]
[Round "-"]
[White "aclj"]
[Black "louco_dog"]
[Result "0-1"]
[WhiteElo "1151"]
[BlackElo "1480"]

1. e4 e5 2. Nf3 Nf6 3. Bd3 c6 4. b4 Bxb4 5. a3 Bc5 6. Nxe5 Qe7 7. Bb2 Qe6 8. Qf3
d6 9. Nc4 Ng4 10. h3 Nxf2 11. O-O Nxd3+ 12. Kh1 Qxc4 13. cxd3 Qb3 14. d4 Qxb2
15. Nc3 Bxd4 16. Qxf7+ Kd8 17. Ne2 Qxd2 18. Rad1 Qxe2 19. Rxd4 Nd7 20. Kg1 Ne5
21. Qxg7 Qe3+ 22. Rf2 Re8 23. Qf6+ Kc7 24. Qxd6+ Kb6 25. a4 Qe1+ 26. Rf1 Qa5 27.
Rb4+ Ka6 28. Rf5 Bxf5 29. exf5 Rad8 30. Rd4 Rxd6 31. Rxd6 Qb6+ 32. Kh2 Nc4 33.
Rh6 Qf2 34. f6 Re2 35. h4 Qxg2# 0-1

[Event "CPX.CA3.07"]
[Site "http://www.queenalice.com/game.php?id=930538"]
[Date "2011.4.26"]
[Round "-"]
[White "raszytko"]
[Black "aclj"]
[Result "1-0"]
[WhiteElo "2454"]
[BlackElo "1168"]

1. d4 e6 2. c4 c6 3. Nc3 Nf6 4. e4 Be7 5. e5 Ng8 6. Nf3 Nh6 7. Bxh6 gxh6 8. Qd2
Bf8 9. Ne4 Na6 10. c5 Bg7 11. Nd6+ 1-0

[Event "CPX.CA3.14"]
[Site "http://www.queenalice.com/game.php?id=931423"]
[Date "2011.4.28"]
[Round "-"]
[White "aclj"]
[Black "jeffersonpacaembu"]
[Result "0-1"]
[WhiteElo "1137"]
[BlackElo "1470"]

1. e4 Nf6 2. d3 e5 3. Nf3 Bc5 4. Nxe5 d6 5. Nc4 Ng4 6. d4 Qf6 7. f3 Bxd4 8. c3
Nf2 9. Qxd4 Nxh1 10. Qg1 b5 11. Qxh1 Nc6 12. Ne3 O-O 0-1

[Event "CPX.CA3.12"]
[Site "http://www.queenalice.com/game.php?id=931426"]
[Date "2011.4.28"]
[Round "-"]
[White "aclj"]
[Black "raszytko"]
[Result "0-1"]
[WhiteElo "1170"]
[BlackElo "2453"]

1. e4 e5 2. Nf3 Nc6 3. Bd3 Nf6 4. Rf1 Bc5 5. h3 d5 6. c3 dxe4 7. Nxe5 Nxe5 8.
Bb5+ c6 9. Ba4 Nd3+ 10. Ke2 Nf4+ 0-1

[Event "CPX.CA3.23"]
[Site "http://www.queenalice.com/game.php?id=931506"]
[Date "2011.4.28"]
[Round "-"]
[White "jeffersonpacaembu"]
[Black "aclj"]
[Result "1-0"]
[WhiteElo "1462"]
[BlackElo "1137"]

1. e3 e5 2. Qh5 Nf6 3. Qxe5+ Qe7 4. Qxc7 Na6 5. Qf4 Qe6 6. Nc3 Bd6 7. Qf3 O-O 8.
Bd3 h6 9. b3 b6 10. Bf5 Qe5 11. Bb2 Rb8 12. Nh3 1-0